000 00320nam a2200133Ia 4500
008 220217s9999||||xx |||||||||||||| ||und||
082 _a510 DSC
100 _aD.S.C
245 0 _aEngineering Mathematics IV
250 _a5
260 _aPrism book
_bBangalore
_c2012
300 _a498
_b290
650 _aMATHEMATICS
999 _c183436
_d183436